|
|
|
|
| LEADER |
00000cam a2200000 7i4500 |
| 001 |
0000076331 |
| 005 |
20230116093000.0 |
| 008 |
111002s2011 le ara |
| 020 |
|
|
|a 2745169394
|
| 020 |
|
|
|a 9782745169396
|
| 050 |
0 |
0 |
|a BP130.2
|b .H36 2011
|
| 090 |
0 |
0 |
|a BP130.2
|b .H36 2011
|
| 100 |
1 |
|
|a حمزة، محمود بن محمد نسيب ,
|e author
|
| 241 |
1 |
0 |
|a Durr al-asrar fi tafsir al-Quran bi al-huruf al-muhmalah
|
| 245 |
1 |
0 |
|a در الأسرار في تفسير القرآن بالحروف المهملة
|c تأليف محمود بن محمد نسيب بن حسين بن يحيى حمزة ؛ اعتنى به ووضع حواشيه أسامة عبد العظيم
|
| 250 |
|
|
|a الطبعة 1
|
| 260 |
|
|
|a Bayrut :
|b Dar al-Kutub al-'Ilmiyah ,
|c 2011
|
| 300 |
|
|
|a 2 v. ;
|c 25 cm.
|
| 504 |
|
|
|a Includes bibliographical references and index
|
| 650 |
|
0 |
|a Qur'an; criticism, interpretation, etc
|
| 650 |
|
0 |
|a Qur'an
|x Commentaries
|
| 650 |
|
0 |
|a Qur'an
|x Hermeneutics
|
| 700 |
1 |
|
|a عبد العظيم، أسامة ,
|e author
|
| 999 |
|
|
|a 1000144314
|b Book
|c OPEN SHELF (30 DAYS)
|e Gong Badak Campus
|
| 999 |
|
|
|a 1000144315
|b Book
|c OPEN SHELF (30 DAYS)
|e Gong Badak Campus
|